Health information system for medical laboratory science / (Record no. 363065)
[ view plain ]
| 000 -LEADER | |
|---|---|
| fixed length control field | 00405nam a2200109Ia 4500 |
| 008 - FIXED-LENGTH DATA ELEMENTS--GENERAL INFORMATION | |
| fixed length control field | 200302s9999 xx 000 0 und d |
| 020 ## - INTERNATIONAL STANDARD BOOK NUMBER | |
| International Standard Book Number | 9789719811534 |
| 245 ## - TITLE STATEMENT | |
| Statement of responsibility, etc | Edited by Jose Jurel M. Nuevo.-- |
| Title | Health information system for medical laboratory science / |
| 260 ## - PUBLICATION, DISTRIBUTION, ETC. (IMPRINT) | |
| Place of publication, distribution, etc | Quezon City: |
| Name of publisher, distributor, etc | C & E Publishing |
| Date of publication, distribution, etc | 2019 |
| 300 ## - PHYSICAL DESCRIPTION | |
| Extent | 180 pages : |
| Other physical details | black and white illustrations; |
| 650 ## - SUBJECT ADDED ENTRY--TOPICAL TERM | |
| Topical term or geographic name as entry element | Health information system. |
| Withdrawn status | Lost status | Damaged status | Home library | Current library | Shelving location | Date acquired | Total Checkouts | Full call number | Barcode | Date last seen | Price effective from | Koha item type |
|---|---|---|---|---|---|---|---|---|---|---|---|---|
| South SEED-LPDH College Library | South SEED-LPDH College Library | South SEED-LPDH College Section | 03/02/2020 | RA 11.B2 .H43 2019 | SSLC1909 | 03/02/2020 | 03/02/2020 | Books |